highest grossing holiday movies - Statistics

General Stats
  • This quiz has been taken 52 times
  • The average score is 8 of 15
Answer Stats
year starring gross film % Correct
1990 Macaulay Culkin $634 million Home Alone
98%
2003 Will Farrell $271 million Elf
90%
2018 Benedict Cumberbatch $281 million The Grinch
83%
1994 Tim Allen $324 million The Santa Clause
79%
1988 Bruce Willis $190 million Die Hard
74%
1992 Joe Pesci $392 million Home Alone 2: Lost in New York
67%
1989 Chevy Chase $166 million National Lampoon's Christmas Vacation
60%
2004 Tom Hanks $278 million The Polar Express
57%
2000 Jim Carrey $451 million How the Grinch Stole Christmas
55%
1978 Jamie Lee Curtis $188 million Halloween
43%
2018 Nick Castle $165 million Halloween
43%
1984 Phoebe Cates $426 million Gremlins
29%
2009 Gary Oldman $169 million A Christmas Carol
26%
2002 David Krumholtz $224 million The Santa Clause 2
19%
2017 Anthony Gonzalez $214 million Coco
17%
No matching quizzes found
Score Distribution
Percent of People with Each Score
Percentile by Number Answered
Your Score History
You have not taken this quiz